[Event "Wch U10 Girls"]
[Site "Batumi"]
[Date "2022.09.21"]
[Round "6"]
[White "Dumitru, Rucsandra Sofia"]
[Black "Moldagali, Akerke"]
[Result "1-0"]
[WhiteElo "1151"]
[BlackElo "1287"]
[PlyCount "33"]
[EventDate "2022.09.16"]
[EventType "swiss"]
[EventRounds "11"]
[EventCountry "GEO"]
[SourceTitle "EXT 2023"]
[Source "ChessBase"]
[SourceDate "2022.10.05"]
[SourceVersion "1"]
[SourceVersionDate "2022.10.05"]
[SourceQuality "1"]

1. d4 Nf6 2. c4 e6 3. Nc3 b6 4. e4 Bb4 5. Bd3 Bxc3+ 6. bxc3 d5 7. cxd5 exd5 8. e5 Nfd7 9. Nf3 0-0 10. 0-0 Bb7 11. Bc2 Ba6 12. Re1 Re8 13. Bxh7+ Kxh7 14. Ng5+ Kg8 15. Qh5 Nf8 16. Qxf7+ Kh8 17. Re3 1-0